[Event "ESP-ch Rapid"]
[Site "Linares"]
[Date "2023.08.19"]
[Round "7"]
[White "Blanco Diez, David"]
[Black "Suarez Uriel, Adrian"]
[Result "1-0"]
[WhiteElo "2279"]
[BlackElo "2376"]
[PlyCount "119"]
[EventDate "2023.08.19"]
[EventType "swiss (rapid)"]
[EventRounds "10"]
[EventCountry "ESP"]
[SourceTitle "CBM 215 Extra"]
[Source "ChessBase"]
[SourceDate "2023.09.30"]
[SourceVersion "1"]
[SourceVersionDate "2023.09.30"]
[SourceQuality "1"]

1. d4 Nf6 2. c4 b6 3. Nc3 Bb7 4. f3 d5 5. cxd5 Nxd5 6. e4 Nxc3 7. bxc3 e5 8. Be3 exd4 9. cxd4 Bb4+ 10. Kf2 0-0 11. Qb3 Bd6 12. Bc4 Nc6 13. Ne2 Na5 14. Qc3 Nxc4 15. Qxc4 Re8 16. Rac1 Rc8 17. g3 Qf6 18. Nf4 Bxf4 19. Bxf4 Bxe4 20. fxe4 g5 21. e5 Qf5 22. Qc2 Qxc2+ 23. Rxc2 gxf4 24. gxf4 Red8 25. Ke3 Rd5 26. Rhc1 c5 27. dxc5 bxc5 28. Rc4 Rc6 29. Ke4 Rd2 30. R1c2 Rd1 31. Rxc5 Rxc5 32. Rxc5 Rd2 33. Ra5 Rxh2 34. Rxa7 h5 35. a4 h4 36. Kf3 h3 37. Kg3 Rh1 38. Rb7 h2 39. Rb4 Kg7 40. Kg2 Ra1 41. Kxh2 Kg6 42. Rb6+ Kh5 43. Rf6 Rxa4 44. Rxf7 Kg4 45. Kg2 Ra2+ 46. Kf1 Kf3 47. Ke1 Rb2 48. Kd1 Re2 49. Rf6 Ke3 50. f5 Ra2 51. e6 Kd3 52. Kc1 Kc3 53. Kb1 Rb2+ 54. Ka1 Rf2 55. e7 Kb3 56. Rb6+ Ka3 57. e8Q Ra2+ 58. Kb1 Rb2+ 59. Kc1 Rb1+ 60. Rxb1 1-0

[Event "Oviedo op 9th"]
[Site "Oviedo"]
[Date "2023.07.28"]
[Round "7"]
[White "Suarez Uriel, Adrian"]
[Black "Garcia Ramos, Daniel"]
[Result "1/2-1/2"]
[WhiteElo "2353"]
[BlackElo "2462"]
[PlyCount "105"]
[EventDate "2023.07.24"]
[EventType "swiss"]
[EventRounds "9"]
[EventCountry "ESP"]
[SourceTitle "CBM 215 Extra"]
[Source "ChessBase"]
[SourceDate "2023.09.30"]
[SourceVersion "1"]
[SourceVersionDate "2023.09.30"]
[SourceQuality "1"]

1. e4 c6 2. d4 d5 3. e5 Bf5 4. Nf3 e6 5. Be2 Nd7 6. 0-0 a6 7. Nbd2 h6 8. Nb3 c5 9. c4 dxc4 10. Nxc5 Nxc5 11. dxc5 Bxc5 12. Bxc4 Ne7 13. Qa4+ Qd7 14. Qxd7+ Kxd7 15. Rd1+ Kc7 16. Bd2 Rac8 17. Ba5+ Kb8 18. Rac1 Bg4 19. Be2 Ng6 20. g3 Bxf3 21. Bxf3 Nxe5 22. Bg2 Bxf2+ 23. Kf1 Be3 24. Rc3 Nc4 25. Bb4 a5 26. Rd7 Ka7 27. Be7 Bb6 28. Bxb7 Rc7 29. Rxc7 Bxc7 30. Bg2 Re8 31. Ba3 Nd2+ 32. Ke2 Be5 33. Rc5 Bd6 34. Rc1 Rd8 35. Bxd6 Rxd6 36. b3 f5 37. Rd1 Ne4 38. Bxe4 Rxd1 39. Kxd1 fxe4 40. Ke2 Kb6 41. Ke3 Kc5 42. a3 Kd5 43. g4 g5 44. h3 e5 45. b4 a4 46. Ke2 Kc6 47. Kd2 Kd6 48. Ke2 Kc6 49. Kf2 Kd6 50. Kg3 Kd5 51. Kf2 Kd6 52. Ke2 Kc6 53. Kd2 1/2-1/2

[Event "Monteolivete op 3rd"]
[Site "Alboraia"]
[Date "2023.07.21"]
[Round "6"]
[White "Suarez Uriel, Adrian"]
[Black "Omelja, Artem"]
[Result "0-1"]
[WhiteElo "2353"]
[BlackElo "2457"]
[PlyCount "128"]
[EventDate "2023.07.17"]
[EventType "swiss"]
[EventRounds "9"]
[EventCountry "ESP"]
[SourceTitle "CBM 215 Extra"]
[Source "ChessBase"]
[SourceDate "2023.09.30"]
[SourceVersion "1"]
[SourceVersionDate "2023.09.30"]
[SourceQuality "1"]

1. e4 e5 2. Nf3 Nc6 3. Bb5 Nf6 4. Nc3 Bd6 5. 0-0 0-0 6. d3 h6 7. a3 Re8 8. Re1 a6 9. Bc4 Bc5 10. Nd5 d6 11. h3 Be6 12. c3 Bxd5 13. exd5 Ne7 14. Nh4 g5 15. Qf3 Nh7 16. d4 exd4 17. Bd3 Nf8 18. Qh5 gxh4 19. Qxh6 Nf5 20. Rxe8 Qxe8 21. Bxf5 Qe1+ 22. Kh2 Qe5+ 23. Qf4 dxc3 24. Qxe5 dxe5 25. Kg1 Rd8 26. Be4 Nh7 27. bxc3 Nf6 28. Bf3 e4 29. Bg5 Rxd5 30. Bxf6 exf3 31. gxf3 Rf5 32. Bxh4 Rxf3 33. Kg2 Rxc3 34. a4 b5 35. axb5 axb5 36. Ra8+ Kh7 37. Bg3 Bd4 38. Rb8 Bb6 39. h4 b4 40. Be5 Rc2 41. Kg3 Kg6 42. Rg8+ Kf5 43. f4 b3 44. Rf8 b2 45. Rxf7+ Ke6 46. Rf6+ Kd5 47. Bxb2 Rxb2 48. h5 Bd4 49. Rf8 c5 50. h6 Rb6 51. h7 Rh6 52. Rf7 Ke6 53. Rc7 Kf5 54. Rd7 Ke4 55. Kg4 Rg6+ 56. Kh5 Rg1 57. Rf7 c4 58. Rd7 Rh1+ 59. Kg6 c3 60. f5 c2 61. Rc7 c1Q 62. Rxc1 Rxc1 63. f6 Rh1 64. f7 Rf1 0-1

[Event "Titled Tuesday intern op 20th Jun Late"]
[Site "Chess.com INT"]
[Date "2023.06.20"]
[Round "6"]
[White "Fodor, Tamas Jr"]
[Black "Suarez Uriel, Adrian"]
[Result "1-0"]
[WhiteElo "2495"]
[BlackElo "2353"]
[PlyCount "77"]
[EventDate "2023.06.20"]
[EventType "swiss (blitz)"]
[EventRounds "11"]
[EventCountry "USA"]
[SourceTitle "EXT 2024"]
[Source "ChessBase"]
[SourceDate "2023.10.10"]
[SourceVersion "1"]
[SourceVersionDate "2023.10.10"]
[SourceQuality "1"]

1. d4 Nf6 2. c4 g6 3. Nc3 d5 4. Nf3 Bg7 5. Qb3 dxc4 6. Qxc4 0-0 7. e4 a6 8. Be2 b5 9. Qb3 c5 10. dxc5 Bb7 11. a4 Nxe4 12. Nxe4 Bxe4 13. axb5 axb5 14. Rxa8 Bxa8 15. Qxb5 Nc6 16. 0-0 Nd4 17. Nxd4 Qxd4 18. Qc4 Rc8 19. Qxd4 Bxd4 20. b4 Bc3 21. Ba3 Bd5 22. h3 Ra8 23. Rd1 Rxa3 24. Rxd5 Bxb4 25. c6 Rc3 26. Rd8+ Kg7 27. Bf3 Bd6 28. Kf1 h5 29. Ke2 g5 30. Kd2 Rc5 31. Rc8 h4 32. Kd3 f5 33. Bh5 Kf6 34. Be8 Ke5 35. Bd7 Rd5+ 36. Ke2 Rc5 37. Rf8 Kf4 38. Kd3 Rc1 39. Rxf5# 1-0

[Event "Titled Tuesday intern op 20th Jun Early"]
[Site "Chess.com INT"]
[Date "2023.06.20"]
[Round "6"]
[White "Suarez Uriel, Adrian"]
[Black "Fonseca Manrique, Enrique"]
[Result "1-0"]
[WhiteElo "2353"]
[BlackElo "2169"]
[PlyCount "27"]
[EventDate "2023.06.20"]
[EventType "swiss (blitz)"]
[EventRounds "11"]
[EventCountry "USA"]
[SourceTitle "EXT 2024"]
[Source "ChessBase"]
[SourceDate "2023.10.10"]
[SourceVersion "1"]
[SourceVersionDate "2023.10.10"]
[SourceQuality "1"]

1. e4 c5 2. Ne2 e6 3. d4 cxd4 4. Nxd4 Nc6 5. Nc3 Qc7 6. Be3 a6 7. Qf3 b5 8. Qg3 Qxg3 9. hxg3 Bb7 10. f3 Nge7 11. 0-0-0 Ne5 12. Kb1 f6 13. g4 d5 14. Nxe6 1-0

[Event "Titled Tuesday intern op 20th Jun Late"]
[Site "Chess.com INT"]
[Date "2023.06.20"]
[Round "11"]
[White "Suarez Uriel, Adrian"]
[Black "Jaskolka, Tomasz"]
[Result "1-0"]
[WhiteElo "2353"]
[BlackElo "2238"]
[PlyCount "101"]
[EventDate "2023.06.20"]
[EventType "swiss (blitz)"]
[EventRounds "11"]
[EventCountry "USA"]
[SourceTitle "EXT 2024"]
[Source "ChessBase"]
[SourceDate "2023.10.10"]
[SourceVersion "1"]
[SourceVersionDate "2023.10.10"]
[SourceQuality "1"]

1. e4 d5 2. exd5 Nf6 3. d4 Bg4 4. Bb5+ c6 5. dxc6 Nxc6 6. Be2 Qxd4 7. Nc3 Qxd1+ 8. Bxd1 Bf5 9. Nge2 0-0-0 10. Ng3 Bg6 11. Be3 e6 12. h4 Bb4 13. h5 Bxc3+ 14. bxc3 Be4 15. h6 Rdg8 16. hxg7 Rxg7 17. Nxe4 Nxe4 18. Bf3 f5 19. g3 Rd8 20. Bxe4 fxe4 21. Rh4 Rgd7 22. Rxe4 e5 23. Ke2 Rd5 24. Rh1 R8d7 25. Reh4 Ra5 26. a4 a6 27. Bb6 Rad5 28. Rxh7 Rd2+ 29. Kf3 Rxh7 30. Rxh7 Rxc2 31. a5 Rxc3+ 32. Ke4 Ra3 33. g4 Ra4+ 34. Kf5 Rf4+ 35. Kg5 Ra4 36. Kh5 Nxa5 37. g5 Nc4 38. g6 Ra1 39. Rc7+ Kb8 40. Rxc4 a5 41. g7 Rh1+ 42. Rh4 Rg1 43. Rg4 Rh1+ 44. Kg6 Kc8 45. g8Q+ Kd7 46. Qd5+ Ke7 47. Qxh1 a4 48. Kf5 Kd6 49. Rg6+ Kd7 50. Qh7+ Ke8 51. Rg8# 1-0

[Event "Titled Tuesday intern op 20th Jun Early"]
[Site "Chess.com INT"]
[Date "2023.06.20"]
[Round "3"]
[White "Suarez Uriel, Adrian"]
[Black "Trifan, Andrei Ioan"]
[Result "1-0"]
[WhiteElo "2353"]
[BlackElo "2300"]
[PlyCount "95"]
[EventDate "2023.06.20"]
[EventType "swiss (blitz)"]
[EventRounds "11"]
[EventCountry "USA"]
[SourceTitle "EXT 2024"]
[Source "ChessBase"]
[SourceDate "2023.10.10"]
[SourceVersion "1"]
[SourceVersionDate "2023.10.10"]
[SourceQuality "1"]

1. d4 Nf6 2. c4 e6 3. Nc3 d5 4. Nf3 b6 5. cxd5 Nxd5 6. Nxd5 Qxd5 7. e3 Bb4+ 8. Bd2 Be7 9. Rc1 Qd8 10. Qc2 c6 11. Ne5 0-0 12. Bd3 h6 13. Be4 Ba6 14. b4 f5 15. Bf3 f4 16. a4 fxe3 17. fxe3 Bh4+ 18. g3 Bf6 19. Ng6 Rf7 20. b5 Bb7 21. 0-0 cxb5 22. Bxb7 Rxb7 23. axb5 a6 24. Qe4 Qd7 25. Rc6 axb5 26. Rxe6 Na6 27. Rxb6 Rab8 28. Rxa6 b4 29. Ne5 Qb5 30. Raxf6 gxf6 31. Qg6+ Rg7 32. Qxf6 Qe2 33. Bc1 b3 34. Qe6+ Kh7 35. Nd7 b2 36. Qe4+ Kg8 37. Nxb8 Re7 38. Qg6+ Rg7 39. Qe6+ Kh7 40. Bxb2 Qxb2 41. Nc6 Qb6 42. Qe4+ Kg8 43. Ne5 Qe6 44. Rb1 Qd6 45. Ra1 Re7 46. Ra8+ Kg7 47. Qg4+ Kf6 48. Qg6# 1-0

[Event "Titled Tuesday intern op 20th Jun Early"]
[Site "Chess.com INT"]
[Date "2023.06.20"]
[Round "1"]
[White "Timerkhanov, Alexander"]
[Black "Suarez Uriel, Adrian"]
[Result "0-1"]
[WhiteElo "2357"]
[BlackElo "2353"]
[PlyCount "92"]
[EventDate "2023.06.20"]
[EventType "swiss (blitz)"]
[EventRounds "11"]
[EventCountry "USA"]
[SourceTitle "EXT 2024"]
[Source "ChessBase"]
[SourceDate "2023.10.10"]
[SourceVersion "1"]
[SourceVersionDate "2023.10.10"]
[SourceQuality "1"]

1. d4 Nf6 2. Bg5 c5 3. d5 d6 4. Nc3 h6 5. Bd2 b5 6. Nxb5 Nxd5 7. e4 Nc7 8. Bc3 Bb7 9. Qg4 Nd7 10. 0-0-0 Nf6 11. Bxf6 gxf6 12. Nf3 h5 13. Qh3 Bxe4 14. Bc4 Rb8 15. Rhe1 Bh6+ 16. Kb1 Nxb5 17. Bxb5+ Rxb5 18. Rxe4 Qd7 19. Qxh5 Rxb2+ 20. Ka1 Rb7 21. Qd5 f5 22. Re3 Bxe3 23. fxe3 Qb5 24. Qb3 Qxb3 25. axb3 Rb4 26. Kb2 Re4 27. Ra1 Rxe3 28. Rxa7 0-0 29. Nh4 e6 30. Rd7 d5 31. Rc7 c4 32. bxc4 dxc4 33. Rxc4 Rb8+ 34. Kc1 Re4 35. Rxe4 fxe4 36. g3 f5 37. Kd2 Kf7 38. c4 Kf6 39. Kc3 Rd8 40. Ng2 Ke5 41. Nf4 e3 42. h4 Ke4 43. h5 Kf3 44. h6 e2 45. Nxe2 Kxe2 46. c5 Rh8 0-1

[Event "Alicante Easter op 7th"]
[Site "La Nucia"]
[Date "2023.04.10"]
[Round "9"]
[White "Suarez Uriel, Adrian"]
[Black "Plazuelo Pascual, Juan"]
[Result "0-1"]
[WhiteElo "2356"]
[BlackElo "2449"]
[PlyCount "72"]
[EventDate "2023.04.05"]
[EventType "swiss"]
[EventRounds "9"]
[EventCountry "ESP"]
[SourceTitle "CBM 213 Extra"]
[Source "ChessBase"]
[SourceDate "2023.05.31"]
[SourceVersion "1"]
[SourceVersionDate "2023.05.31"]
[SourceQuality "1"]

1. e4 c5 2. Nf3 e6 3. d4 cxd4 4. Nxd4 Nf6 5. Nc3 Nc6 6. a3 Be7 7. f4 d6 8. Nf3 a6 9. Bd3 b5 10. 0-0 Bb7 11. Qe2 b4 12. axb4 Nxb4 13. Kh1 Nxd3 14. cxd3 0-0 15. Nd4 Nd7 16. Be3 a5 17. Rf3 g6 18. Raf1 e5 19. fxe5 dxe5 20. Ndb5 Nf6 21. Na3 Ra6 22. Nc4 Re6 23. Bh6 Re8 24. Ne3 Nd7 25. Ncd5 f6 26. Qc2 Kh8 27. Qf2 Rg8 28. Qh4 Bxd5 29. Nxd5 g5 30. Qg4 Rd6 31. h4 f5 32. Rxf5 Rxh6 33. h5 Nf6 34. Rxf6 Bxf6 35. Qf5 Rxh5+ 36. Kg1 Bg7 0-1

[Event "Alicante Easter op 7th"]
[Site "La Nucia"]
[Date "2023.04.09"]
[Round "7"]
[White "Suarez Uriel, Adrian"]
[Black "Postny, Evgeny"]
[Result "0-1"]
[WhiteElo "2356"]
[BlackElo "2548"]
[PlyCount "170"]
[EventDate "2023.04.05"]
[EventType "swiss"]
[EventRounds "9"]
[EventCountry "ESP"]
[SourceTitle "CBM 213 Extra"]
[Source "ChessBase"]
[SourceDate "2023.05.31"]
[SourceVersion "1"]
[SourceVersionDate "2023.05.31"]
[SourceQuality "1"]

1. e4 e5 2. Nf3 Nc6 3. Nc3 Nf6 4. Bb5 Bb4 5. 0-0 0-0 6. Bxc6 dxc6 7. d3 Nd7 8. Ne2 Re8 9. Be3 Bf8 10. Ng3 c5 11. h3 Nb8 12. Nf5 Nc6 13. g4 Nd4 14. Kh2 a5 15. a4 Ra6 16. Nd2 g6 17. Rg1 Kh8 18. Nc4 gxf5 19. gxf5 Bg7 20. c3 Nxf5 21. exf5 Bxf5 22. Qf3 Bxd3 23. Rad1 e4 24. Qxf7 Re7 25. Qf5 Qe8 26. b3 Rf6 27. Qxc5 b6 28. Qg5 Rg6 29. Qh4 Rxg1 30. Rxg1 Bxc3 31. Qh6 Rg7 32. Bd2 Qf7 33. Qh4 Bf6 34. Rxg7 Qxg7 35. Qh5 Qg6 36. Qd5 Bxc4 37. bxc4 Qe8 38. Bf4 c6 39. Qd6 Bg7 40. c5 bxc5 41. Qxc5 Qf7 42. Be5 h6 43. Bxg7+ Kxg7 44. Qe5+ Qf6 45. Qc7+ Kg6 46. Kg1 Qa1+ 47. Kg2 Qxa4 48. Qd6+ Kf5 49. Qxh6 Qb5 50. h4 Kg4 51. h5 Qxh5 52. Qxc6 Qf5 53. Kf1 Kg5 54. Ke1 Qe5 55. Ke2 Qf5 56. Ke1 Kg4 57. Qb6 Kh5 58. Qc6 Qe5 59. Ke2 Kg5 60. Qb6 Qd5 61. Qe3+ Kf5 62. Qh3+ Kg6 63. Qg4+ Kf7 64. Qf4+ Ke6 65. Qc7 Qb5+ 66. Ke1 Kd5 67. Qf7+ Kd4 68. Qf6+ Kc4 69. Qe6+ Qd5 70. Qa6+ Kb3 71. Qb6+ Ka2 72. Qc7 a4 73. Qc2+ Ka3 74. Qc3+ Qb3 75. Qa1+ Kb4 76. Qd4+ Qc4 77. Qb2+ Kc5 78. Qe5+ Qd5 79. Qb2 Qd4 80. Qc1+ Kb5 81. Qg5+ Kb4 82. Qe7+ Kb3 83. Qf7+ Qc4 84. Qa7 a3 85. Kd2 a2 0-1

[Event "Alicante Easter op 7th"]
[Site "La Nucia"]
[Date "2023.04.09"]
[Round "8"]
[White "Yuffa, Daniil"]
[Black "Suarez Uriel, Adrian"]
[Result "1/2-1/2"]
[WhiteElo "2602"]
[BlackElo "2356"]
[PlyCount "123"]
[EventDate "2023.04.05"]
[EventType "swiss"]
[EventRounds "9"]
[EventCountry "ESP"]
[SourceTitle "CBM 213 Extra"]
[Source "ChessBase"]
[SourceDate "2023.05.31"]
[SourceVersion "1"]
[SourceVersionDate "2023.05.31"]
[SourceQuality "1"]

1. c4 c5 2. g3 Nf6 3. Bg2 d5 4. cxd5 Nxd5 5. Nc3 Nc7 6. Nf3 Nc6 7. 0-0 e5 8. a3 Rb8 9. d3 Be7 10. Nd2 Bd7 11. Nc4 b5 12. Bxc6 Bxc6 13. Nxe5 Ba8 14. e4 Ne6 15. a4 b4 16. Ne2 0-0 17. Be3 b3 18. Rc1 f5 19. d4 Bxe4 20. d5 Bxd5 21. Nc3 Ba8 22. Qd7 Ng5 23. Rfd1 Qe8 24. Bxg5 Bxg5 25. f4 Bf6 26. Qxe8 Rfxe8 27. Rd7 a6 28. Rd6 Bb7 29. Kf2 Be7 30. Rd7 c4 31. Rc7 Bd6 32. Rxc4 Rbc8 33. Rd1 Rxc4 34. Nxc4 Bc5+ 35. Kf1 Bf3 36. Rd3 Bb7 37. Ne5 h6 38. h4 g5 39. Rd7 Re7 40. Rd8+ Kg7 41. Nd5 Bxd5 42. Rxd5 Be3 43. hxg5 hxg5 44. fxg5 Bxg5 45. Nd3 Kg6 46. Kf2 Re6 47. Nc5 Rb6 48. Kf3 Be7 49. Nd3 Bf6 50. Rd7 Kg5 51. Rd5 Kg6 52. Rd7 Kg5 53. Rd5 Kg6 54. Rc5 Rd6 55. Ke2 Kg5 56. Rc4 Bd4 57. Kf3 Bf6 58. Ke3 Re6+ 59. Kf3 Rd6 60. Ke3 Re6+ 61. Kf3 Rd6 62. Ke3 1/2-1/2

[Event "Titled Tuesday intern op 7th Mar Late"]
[Site "Chess.com INT"]
[Date "2023.03.07"]
[Round "1"]
[White "Grinev, Valeriy"]
[Black "Suarez Uriel, Adrian"]
[Result "1-0"]
[WhiteElo "2418"]
[BlackElo "2370"]
[PlyCount "211"]
[EventDate "2023.03.07"]
[EventType "swiss (blitz)"]
[EventRounds "11"]
[EventCountry "USA"]
[SourceTitle "EXT 2024"]
[Source "ChessBase"]
[SourceDate "2023.10.10"]
[SourceVersion "1"]
[SourceVersionDate "2023.10.10"]
[SourceQuality "1"]

1. d4 Nf6 2. c4 g6 3. Nc3 d5 4. cxd5 Nxd5 5. e4 Nxc3 6. bxc3 Bg7 7. Be3 c5 8. Nf3 Qa5 9. Qd2 0-0 10. Rc1 Rd8 11. d5 b6 12. Be2 Nc6 13. 0-0 e6 14. Bg5 f6 15. Be3 exd5 16. exd5 Ba6 17. Rfd1 Qa4 18. c4 Na5 19. Qc2 Qxc2 20. Rxc2 Nb7 21. Bf4 Nd6 22. Nd2 f5 23. g4 Bc8 24. h3 fxg4 25. hxg4 Ba6 26. Kg2 Rd7 27. Bxd6 Rxd6 28. Ne4 Rd7 29. Bf3 Rf8 30. d6 Bd4 31. g5 Kg7 32. Bg4 Rdf7 33. f3 Bb7 34. d7 Rd8 35. Rcd2 Rf4 36. Kg3 Be5 37. Kh3 Bxe4 38. fxe4 Rxe4 39. Rf1 Re3+ 40. Rf3 Rxf3+ 41. Bxf3 Bf4 42. Rd5 Kf7 43. Bg4 Ke7 44. Kh4 Rf8 45. Rd1 Kd8 46. Re1 Bd6 47. Kh3 Be7 48. Re5 Rf4 49. Be6 Rf2 50. Kg3 Rxa2 51. Re3 Rd2 52. Rf3 Re2 53. Bh3 Re5 54. Rf7 Rxg5+ 55. Kf3 h5 56. Rh7 Re5 57. Rh8+ Kc7 58. Rc8+ Kb7 59. Re8 Kc7 60. Kf4 Re1 61. Rc8+ Kb7 62. Bg2+ Ka6 63. Bc6 g5+ 64. Kf5 g4 65. Re8 Rf1+ 66. Kg6 Bh4 67. Kxh5 Bf6 68. Rf8 Rh1+ 69. Kxg4 Be7 70. Re8 Rg1+ 71. Kf5 Bh4 72. d8Q Bxd8 73. Rxd8 Ka5 74. Ra8 Kb4 75. Bb5 Ra1 76. Ke4 a5 77. Kd3 a4 78. Kc2 Ra2+ 79. Kb1 Ra3 80. Ra6 Rb3+ 81. Kc2 a3 82. Rxb6 Rb2+ 83. Kc1 Rh2 84. Ra6 a2 85. Bd7 Kb3 86. Bg4 Rh1+ 87. Bd1+ Kc3 88. Rxa2 Kxc4 89. Rd2 Kb4 90. Kc2 c4 91. Be2 c3 92. Rd4+ Kc5 93. Rc4+ Kd5 94. Rxc3 Rh2 95. Kd2 Kd4 96. Ra3 Rg2 97. Ra4+ Kc5 98. Kd3 Rg3+ 99. Kd2 Rg2 100. Ke3 Rg3+ 101. Bf3 Kb5 102. Re4 Kc5 103. Kf4 Rg1 104. Be2 Rh1 105. Ke5 Rh4 106. Rxh4 1-0